000 00651nam a2200205 i 4500
001 26928
003 ES-MaACL
005 20250824201032.0
007 t|
008 030113s1979 sp ||||1| spa d
100 1 _aAsenjo Sedano, Carlos.
_923567
245 1 0 _aPor tierras de Granada
_b: (La Accitania o Tierra de Guadix) /
_cCarlos Asenjo Sedano.
250 _a[1ª ed.].
260 _aGranada :
_bAntonio Ubago,
_c1979.
300 _a237 p. :
_bgrab. retr. aut. ;
_c21 cm.
490 1 _aAnade. Libros de ensayo ;
_v2
830 0 0 _aÁnade.
_pLibros de ensayo
_v2
_9229189
852 _aES-MaACL
_jA-9599
_bR.106308
999 _c26928
_d26928